000 00568nam a2200181Ia 4500
999 _c16812
_d16812
003 OSt
005 20200606120015.0
008 190216s9999||||xx |||||||||||||| ||und||
020 _a9788179980651
040 _cMESKC library
082 _a891.431009
_bSHA/A
100 1 _aŚarmā, Haricaraṇa,
_9173
_d1939-
245 0 _aĀdhunika Hindī kavitā kā itihāsa /
_cŚarmā, Haricaraṇa,
260 _bMalik And Company,
_c2010.
_aJaipur :
300 _a120p
650 _aHindi
942 _cBK
_2ddc
_h891.431009
_iSHA/A
_k891.431009
_mSHA/A